000 01032nam a22002897a 4500
001 4940
003 FISKH
005 20241025150958.0
008 241025b cb ||||| |||| 00| 0 eng d
020 _a9780439373005
040 _aFISKH
_beng
_cFISKH
_dFISKH
050 _aPZ7.D2385
082 _a813.54
100 _aDanticat , Edwidge
245 _aBehind the Mountains /
_cby Edwidge Danticat
250 _aFirst Scholastic paperback printing, February 2004
260 _aNew York :
_bScholastic ;
_c2002.
300 _a166 pages :
_billustrations ;
_c19 cm .
505 _aZ
520 _aWriting in the notebook which her teacher gave her, thirteen-year-old Celiane describes life with her mother and brother in Haiti as well as her experiences in Brooklyn after the family finally immigrates there to be reunited with her father.
521 8 _a940
_bLexile
521 8 _aZ
_bRaz-Plus
650 _aCaribbean
_vfiction
700 _aJoelle, Avelino
_eeditor
942 _2ddc
_cBK
_n0
999 _c4940
_d4940